| 000 | 00810nam a22002657a 4500 | ||
|---|---|---|---|
| 001 | 3567 | ||
| 003 | FISKH | ||
| 005 | 20250819102724.0 | ||
| 008 | 240320b cb ||||| |||| 00| 0 eng d | ||
| 020 | _a9780531292549 | ||
| 040 |
_aFISKH _beng _cFISKH _dFISKH |
||
| 050 | _aRA645.S56 | ||
| 082 | _a362.18 | ||
| 100 |
_aShepherd, Jodie _eauthor |
||
| 245 |
_aA day with paramedics / _cby Jodie Shepherd |
||
| 260 |
_aNew York : _bScholastic , _c2013 |
||
| 300 |
_a32 pages : _bcolor illustrations ; _c19 cm . |
||
| 490 | _a(Rookie Read-About Community) | ||
| 505 | _aM | ||
| 520 | _aDescribes the life-saving work paramedics perform every day. | ||
| 521 | 8 |
_a530
_bLexile |
|
| 521 | 8 |
_aM
_bRaz-Plus |
|
| 650 |
_aemergency medical technicians _vJuvenile literature |
||
| 942 |
_2ddc _cBK _n0 |
||
| 999 |
_c3567 _d3567 |
||